02751nam a2200217Ia 4500001000400000008004100004010000800045041001400053082002000067245029500087260001300382300000700395520000700402630001400409630001800423650002400441700002600465700003900491700004000530520196300570323241029s9999 xx 000 0 und d a291 aEspañol a2013/Bunevs.O96 0aNormas Estándares de Bioseguridad Aplicadas por el Personal de Enfermería para la Prevención de Infecciones Nosocomiales en el Área de Neonatología del Hospital Regional Universitario José María Cabral y Báez, Santiago, República Dominicana, Período Enero - Febrero 2013 aSantiago a71 a36 aActitudes aSalud Escolar aGestión Educativa easesoraReyes, Rafael eautoraOzoria De La Cruz , Antía eautoraRamos Estévez , Francisca  aEn toda vivencia surgen diferentes conflictos, ya sea en los diferentes Hospitales, en el ámbito en donde labora para valorar la aplicación de las normas estándar de bioseguridad  de neonatología del Hospital Regional Universitario José María Cabral y Báez de Santiago. Para mejorar las normas de bioseguridad por el personal de enfermería de neonatología implementamos los protocolos frente a áreas de neonatología y elaboración de planes de convivencia educativos. En realidad en todos los centros de salud del área de neonatología siempre han realizado normas estándar de bioseguridad  como es el lavado de las manos, uso de guantes, gorros, mascarillas, batas o cubre zapatos. El objetivo de esta investigación fue intentar ser una herramienta útil que sirviera de punto de partida para dar respuesta a las diferentes problemáticas que se presentan en el área de salud, posteriormente un modelo de resolución del área que permite resolver cualquier eventualidad que se presente mediante la comunicación y llegar a encontrar la solución que favorezca al área de neonatología.  Para valorar la aplicación de las normas estándar de bioseguridad por el personal de enfermería del área de neonatología del Hospital Regional Universitario José María Cabral y Báez de Santiago, se realizó un estudio descriptivo de corte transversal y de fuente primaria, donde se observó el 50% del personal de enfermería en enero - febrero 2013. Se elaboró un instrumento de 12 preguntas, se aplicó a cada una de ellas por medio de la observación, en los tres (3) turnos de trabajos. Los resultados indicaron que no hubo aplicación de normas estándar de bioseguridad excelente ni buenos. El 46.9% de estas normas fueron aplicadas deficientemente y el 21.9% malo. Estos hallazgos fueron consistentes con los presentados por varios investigadores durante el período enero - febrero 2013.